| 000 | 00880nam a2200289 i 4500 | ||
|---|---|---|---|
| 001 | bgj | ||
| 003 | BPK | ||
| 005 | 20191002090812.0 | ||
| 008 | s1991 uk g f |000 0 eng d | ||
| 020 | _a019431345X | ||
| 040 | _cBPK | ||
| 041 | _aeng | ||
| 080 | _a811.111'36 | ||
| 080 | _a(076) | ||
| 100 | 1 |
_aThomson, Audrey Jean _d(1920- ). |
|
| 245 | 1 | 0 |
_aA practical English grammar : _bstructure drills 1 / _cA. J. Thomson ; A. V. Martinet. |
| 250 | _a[11th impr.]. | ||
| 260 |
_aOxford : _bOxford University Press, _c1991. |
||
| 300 |
_aVI, 122 pp ; _c22 cm. |
||
| 505 | _aIncludes key. | ||
| 650 | 0 |
_aEnglish language _xGrammar _vProblems, exercises, etc. |
|
| 650 | 4 |
_aJęzyk angielski _xgramatyka. |
|
| 655 | 4 | _aĆwiczenia i zadania | |
| 655 | 4 | _aPodręcznik | |
| 700 | 1 |
_aMartinet, Agnes V. _d(1921- ). |
|
| 942 |
_cKS _2UKD |
||
| 999 |
_c41262 _d41262 |
||